Quizzes
Events
Quiz Creation
Community
Videos
Private Events
Remove Ads
Sign In
Join for FREE
Feedback
Dark Mode
Quiz Categories
Sports
Geography
Music
Movies
Television
Just For Fun
Miscellaneous
History
Literature
Language
Science
Gaming
Entertainment
Religion
Holiday
For Kids
Quiz Lab
Recent
Popular Today
Quiz Kudos Today
Editor Picks
Curator Picks
Quizzes by...
Day
Popularity
Type
Ratings
Length
Year
Community
Subscriptions
Recent Discussions
Orange Saloon
Badges
Playlists
Quests
Create
Leaderboards
Showdown
Live 5
Trivia Bingo
Activity
Puzzle Library
Sporcle Events
Private Events
Virtual Trivia
Globe League
Become a Host
Pub Owners
SporcleCon
Opinionation
Our Games
Videos
Blog
Mobile Apps
Partnerships
Remove Ads and Go Orange
Feedback
Sports
Athletes
MLB
NBA
NHL
NFL
Soccer
Sports Teams
WWE
NCAA
Football
Premier League
Basketball
Baseball
Hockey
Golf
Tennis
Cricket
Rugby
Auto Racing
Olympics
World Cup
Sports
Athletes
MLB
NBA
NHL
NFL
Soccer
Sports Teams
WWE
NCAA
Football
Premier League
Basketball
Baseball
Hockey
Golf
Tennis
Cricket
Rugby
Auto Racing
Olympics
World Cup
Random Quiz
Search Sporcle
×
Quiz Lab
Quiz Lab
Sports
Squad
Type in answers that appear in a list
Type in answers that appear in a list
Classic
Best Score? Go Orange.
Netherlands Squad: Euro 2012 Stats
Can you name the 23 players on the Netherlands squad for Euro 2012?
By
JonnyChamp
8m
23 Questions
361 Plays
361 Plays
361 Plays
Comments
Comments
Give Quiz Kudos
Give Quiz Kudos
-
- Ratings
hide this ad
Replay
Link that replays current quiz
Next Quiz
Link to next quiz in quiz playlist
You Got
0%
They Got
Avg Score
71%
Avg Friend Score
Upgrade to see
Score Distribution
Jump to the score distribution portion of the page
Score
0/23
Timer
08:00
0
Plays Today
Position
Player
% Correct
Midfielder
Rafael van der Vaart
96.6%
Striker
Arjen Robben
93%
Goalkeeper
Maarten Stekelenburg
91.6%
Goalkeeper
Tim Krul
91%
Striker
Dirk Kuyt
90.5%
Midfielder
Wesley Sneijder
88.8%
Striker
Klaas-Jan Huntelaar
88.8%
Striker
Robin Van Persie
87.7%
Goalkeeper
Michel Vorm
87.4%
Defender
John Heitinga
86%
Midfielder
Nigel de Jong
81.2%
Striker
Ibrahim Afellay
74.5%
Position
Player
% Correct
Striker
Luuk de Jong
71.4%
Defender
Joris Mathijsen
69.2%
Midfielder
Mark van Bommel
68.1%
Defender
Jetro Willems
54.9%
Defender
Ron Vlaar
54.6%
Defender
Gregory van der Wiel
51.3%
Defender
Khalid Boulahrouz
49%
Midfielder
Kevin Strootman
48.5%
Defender
Wilfred Bouma
45.7%
Midfielder
Stijn Schaars
43.7%
Striker
Luciano Narsingh
37.5%
Quiz Playlist
Details
Report
Send in Message
Add To Playlist
Classic:
Type in answers that appear in a list
Quiz Source
Last Updated: Feb 16, 2017
Quiz Scoreboard
CHALLENGE
Sign Up to Join the Scoreboard
Show All
Scores
Hide
Comments
May contain spoilers
Recently Published
NBA Finals Game Top Scorers (2010s)
by flibbidy
Sports
5m
Guess the 'R' Things in 3 Words
by MSUKent
Miscellaneous
3m
Actor to Badly Drawn Movie III
by MoMosMoProblems
Movies
5m
More to Explore
Quiz From the Vault
Featured Blog Post
Where Does Lost Luggage Go?
hide this ad
You Might Also Like...
Tags
2012
club
Euro 2012
Netherlands
Player
Squad
team
Today's Top Quizzes in Sports
Browse Sports
hide this ad
Today's Top Quizzes in Squad
Browse Squad
Top Contributed Quizzes in Sports
1
Les joueurs à 100 buts en Ligue 1 Uber Eats
2
2022 World Cup Stars
3
2024 March Madness Bracket
4
Millionaire: NBA Finals Edition
5
Players with Multiple 50 Home Run Seasons
6
Criteria MLB: Left Handed Sluggers
7
Nickname Match: Athletes VI
8
Iconic Moments in Football - Multiple Choice
9
NFL MVPs ordered
10
NBA Championships Per City
Explore More
Trending Topics
Crossword
Marvel
Harry Potter
NBA
Anime
Kpop
Disney
Pokémon
NFL
Puzzle
The Office
WWE
Country
Soccer
Song
hide this ad
More By:
JonnyChamp
Quiz
Plays
Rating
Category
Featured
Created
Fast and Furious Movies
27,450
4.03
Movies
May 2, 2011
UEFA Champions Starting: Tottenham Hotspurs
790
3.00
Sports
Jun 10, 2011
Germany Squad: Euro 2012
501
4.25
Sports
May 28, 2012
UEFA Euro Cup Champions
368
3.75
Sports
Mar 27, 2011
Netherlands Squad: Euro 2012
361
3.50
Sports
May 28, 2012
Go to Creator's Profile
Score Distribution
Quiz Creator Spotlight
JonnyChamp
Follow
Send a Message
Quizzes Created
-
Created Quiz Play Count
-
More By This Creator
Popular Quizzes Today
1
Find the US States - No Outlines Minefield
2
Find the US States
3
The Countries of the World
4
10 Largest US States in Order
5
Find the Countries of Europe - No Outlines Minefield
6
US States
7
Guess the 'R' Things in 3 Words
8
NBA Finals Game Top Scorers (2010s)
More Sports Quizzes
Big 4 Consecutive Champions
Published
Trending Quizzes
First Name TV: Leading Men
First Name TV: Leading Women Drama
Match the Book to the Film II
Pick A Pair: Religious TV
Match the Book to the Film VI
Recently Updated
Women's Final Four Teams by Year
bhenderson79
Presidents Quartet II
eogle
Anything But Clue(do)
eogle
Anything But Oceanian Capitals
eogle
Anything But 7
eogle
Anything But Thing
eogle
Word Ladder: February 29
pecheneg
Song Title Questions
pecheneg
Women's NCAA Tournament #1 Seeds
pecheneg
Celebrity Mug Shots
pecheneg
Trending Topics
Disney
Kpop
Anime
NBA
Harry Potter
Crossword
Marvel
NFL
The Office
Country
Puzzle
Soccer
WWE
Pokémon
Song
Your Account Isn't Verified!
In order to create a playlist on Sporcle, you need to verify the email address you used during registration. Go to your
Sporcle Settings
to finish the process.
Report this User
Report this user for behavior that violates our
Community Guidelines
.
Details:
Send Report
Go to the Sporcle.com Mobile Site →
Comments